| 000 | 00831cam a2200229 4500 | ||
|---|---|---|---|
| 001 | ABS64438 | ||
| 008 | 010829n2001 000 0 eng u | ||
| 035 | _a(Sirsi) u114373 | ||
| 100 | _aCridge, J | ||
| 245 | 4 | _aThe wander of it all | |
| 260 | _c2001 | ||
| 490 |
_aEstates Gazette _v(0131) 4 August 2001, 96-97(2) |
||
| 520 | _aConsiders the problems that landowners may face once the CRoW Act comes into force fully and allows the public access to most areas of open countryside. Occupiers and landowners must begin to consider their potential liability to those exercising their right to roam. | ||
| 590 | _aABS | ||
| 650 | _aCOUNTRYSIDE AND RIGHTS OF WAY ACT 2000 | ||
| 650 | _aRIGHT TO ROAM | ||
| 650 | _aOPEN COUNTRYSIDE | ||
| 650 | _aLANDOWNERS | ||
| 650 | _aRIGHTS OF WAY | ||
| 690 | _aPROPERTY | ||
| 942 | _n0 | ||
| 999 |
_c68114 _d68114 |
||